ČSN 13 0100 Potrubí pro prácu a horkou vodu. Klasifikace a kategorie Bezpečností technika

Podrobná bibliografia
Médium: Kniha
Jazyk:neznámy jazyk
Fyzický popis:5 s.
Vydavateľské údaje: Praha Úřad pro normalisaci a měření 1982

MARC

LEADER 00000nam a2200000 a 4500
001 vtls001271616
003 SK-MaSNL
005 20260224012045.0
008 210928s1982 xx 0 und
035 |a SNK000222736 
040 |a SNK  |b slo  |c SNK  |e AACR2 
245 1 |a ČSN 13 0100 Potrubí pro prácu a horkou vodu. Klasifikace a kategorie  |b Bezpečností technika 
260 |a Praha  |b Úřad pro normalisaci a měření  |c 1982 
300 |a 5 s. 
958 |a OND 
999 |c 786397  |d 788327 
952 |t P60, <04>, [BOOK], {604}  |a SNK  |b SNK  |y VYP  |7 0  |p 17A0029654  |o snkČSN 13 0100  |0 0  |1 0  |4 0  |d 1997-01-11  |l 0  |r 2005-01-01 00:00:00  |w 2026-02-24